000 00874nam a2200253Ia 4500
003 IN-BaIIA
008 211028s9999 xx s 000 0 eng d
020 _a978-3-642-23084-4 (Print)
020 _a978-3-642-23085-1 (Online)
022 _a2190-5053 (Print)
022 _a2190-5061 (Online)
040 _cIIA Library
100 _aRodrigo, Sergio G.
_939263
245 0 _aOptical Properties of Nanostructured Metallic Systems
_h[eBook]
260 _aHeidelberg, Berlin
_bSpringer Berlin Heidelberg
_c2012
300 _aOnline resource
490 _aSpringer Theses
650 _a Optical and Electronic Materials
650 _a Optics, Lasers, Photonics, Optical Devices
650 _a Surface and Interface Science, Thin Films
_938399
650 _aPhysics
_973
856 _uhttp://doi.org/10.1007/978-3-642-23085-1
_yClick Here to Access eBook
942 _cEB
999 _c21191
_d21191